00515cam a22002171 4500001001300000003000400013005001700017008004100034010001700075025001600092035002000108040002100128042001200149050001900161100003100180245002000211260001600231300001800247500001500265999001700280sa 68008745 DLC20260227112535.0941010q19611962np 000 1 newo  asa 68008745  aPL480:N-240 a(OCoLC)31253481 aDLCcCUdCUdDLC apremarc00aPL3801.N59bD61 aDosta, Rāma Śaṅkara.10aNugaḥ-kipā. c[1961 or 2] a58 p.c18 cm. aIn Newari. c82545d82545